1540 1168 1278 1331 1516 1004 1535 1233 1718 1058 1625 1082 1390 1059 1662 1135 1104 1645 1578 1050 1302 1764 1705 1693 1086 1942 1207 1223 1872 1405 1646 1736 1845 1133 1357 1515 1238 1495 1276 1367 1940 1074 1332 1745 1581 1737 1691 1977 1854 1958 1292 1870 1752 1475 1553 1391 1150 1640 1763 1686 1535 1570 1895 1761 1655 1959 1191 1479 1192 1972 1796 1237 1828 1428 1262 1934 1536 1022 1049 1179 1502 1652 1966 1637 1084 1904 1971 1826 1018 1388 1367 1078 1825 1333 1885 1578 1650 1080 1360 BCNSPRNW ULIB Ver.6.0+V

เปลี่ยนเป็นภาษาไทย

Change to English
 แสดงรายละเอียดบรรณานุกรม
  กลับหน้าหลัก

Brief Record : Get Marc (ISO 2709) : E-mail record : QR code < ปิดหน้าต่าง
LEADER : 00000nam 2200000uu 4500
001    13399122990
003     ULIB
008    131121s2555||||th 000 0 tha d
020    ^a9789742992040 (pbk.)
050  4 ^aLB2369^bบ891
245 00 ^aแบบแผนการเขียนองค์การอนามัยโลก/^cธีรเดช อุทัยวิทยารัตน์, ผู้แปล ; วิชัย โชควิวัฒน, บรรณาธิการ
246 31 ^aWHO style guide
246 33 ^aWorld Health Organization style guide
260    ^a110 หน้า ;^c24 ซม.
300    ^aกรุงเทพฯ :^bสถาบันพัฒนาการคุ้มครองการวิจัยในมนุษย์,^c2555.
536    ^aอภินันทนาการจาก น.ส.จารุวรรณ ธรรมวิทย์
610 20 ^aWorld Health Organization
610 20 ^aWorld Health Organization^vStyle manuals
610 24 ^aองค์การอนามัยโลก
610 24 ^aองค์การอนามัยโลก^xการเขียน
650  4 ^aการเขียนทางวิชาการ^vคู่มือ
700 0  ^aธีรเดช อุทัยวิทยารัตน์,^eผู้แปล
700 0  ^aวิชัย โชควิวัฒน,^eบรรณาธิการ
710 1  ^aสถาบันพัฒนาการคุ้มครองการวิจัยในมนุษย์
856    ^zT07728.pdf (Content)^uhttp://192.168.190.19/ULIB6//_fulltext/5/13399122990/20131121112456_1052.pdf
945    ^p0^l0^i034192
999    ^aเกษร โพธิ์สุวรรณ
รายการนี้ยังไม่มีแท็ก
คุณยังไม่ได้ล็อกอิน คุณสามารถมีกิจกรรมร่วมกับเว็บไซต์ได้ แต่ต้องล็อกอินก่อน ::
  ล็อกอิน

รายการสื่อสารสนเทศ

ลำดับที่ ประเภท เลขเรียก/บาร์โค้ด สถานที่ สถานะ
1. วิทยาศาสตร์การแพทย์ และสุขภาพ
หนังสือสำรอง
สถานะ=หนังสือสำรอง
LB2369 บ891 ฉ.1 
  Barcode: 034192
ห้องสมุดวิทยาเขตสวรรค์ประชารักษ์
►หนังสือทั่วไป
บนชั้น

BibComment


ยังไม่เคยถูกคอมเมนท์

คอมเมนท์ทรัพยากรรายการนี้
  คอมเมนท์: แบบแผนการเขียนอง..


 Copyright 2026. Bcnsprnw @Library